[Event "Ruhrgebiet Verbandsklasse Gruppe 1 1819"]
[Site "Nordrheinwestfalen"]
[Date "2019.01.20"]
[Round "5.1"]
[White "Pauling, Markus"]
[Black "Czarnik, Jozef"]
[Result "1-0"]
[WhiteElo "2182"]
[BlackElo "1887"]
[PlyCount "99"]
[EventDate "2018.09.23"]
[EventType "team-tourn"]
[EventRounds "9"]
[EventCountry "GER"]
[SourceTitle "EXT 2022"]
[Source "ChessBase"]
[SourceDate "2021.10.06"]
[SourceVersion "1"]
[SourceVersionDate "2021.10.06"]
[SourceQuality "1"]
[WhiteTeam "Mengede SG"]
[BlackTeam "Haltern"]
[WhiteTeamCountry "GER"]
[BlackTeamCountry "GER"]

1. e4 c5 2. Nc3 e6 3. f4 Nc6 4. Nf3 a6 5. a4 d5 6. e5 Be7 7. d3 Nh6 8. g3 0-0 9. Bg2 Nf5 10. 0-0 Nfd4 11. h4 Nxf3+ 12. Qxf3 Nd4 13. Qf2 Bd7 14. Be3 Rc8 15. Qd2 Bc6 16. Bf2 Qa5 17. Kh2 Qb4 18. Rfb1 Rfe8 19. Qd1 Nf5 20. Ne2 Bxa4 21. Be1 Bxc2 22. Qxc2 Qb6 23. Bf2 Qd8 24. Bh3 Nh6 25. b3 f5 26. exf6 Bxf6 27. d4 cxd4 28. Qd3 e5 29. fxe5 Bxe5 30. Kg2 Rc6 31. Bxd4 Rg6 32. Bxe5 Rxe5 33. Nf4 Rd6 34. Re1 Qf6 35. Rac1 Rc6 36. Rcd1 Rd6 37. Rxe5 Qxe5 38. Rd2 g6 39. Re2 Qf6 40. Re6 Qb2+ 41. Kf3 Rc6 42. Qxd5 Nf7 43. Nd3 Qa1 44. Rxc6 bxc6 45. Qe4 Qd1+ 46. Kg2 Qxb3 47. Be6 Qc2+ 48. Kh3 Qd1 49. Ne5 Qf1+ 50. Qg2 1-0

[Event "Ruhrgebiet Verbandsklasse Gruppe 1 1819"]
[Site "Nordrheinwestfalen"]
[Date "2018.10.07"]
[Round "2.1"]
[White "Leveikina, Jevgenija"]
[Black "Pauling, Markus"]
[Result "1/2-1/2"]
[WhiteElo "2035"]
[BlackElo "2182"]
[PlyCount "108"]
[EventDate "2018.09.23"]
[EventType "team-tourn"]
[EventRounds "9"]
[EventCountry "GER"]
[SourceTitle "EXT 2022"]
[Source "ChessBase"]
[SourceDate "2021.10.06"]
[SourceVersion "1"]
[SourceVersionDate "2021.10.06"]
[SourceQuality "1"]
[WhiteTeam "Wattenscheid SV III"]
[BlackTeam "Mengede SG"]
[WhiteTeamCountry "GER"]
[BlackTeamCountry "GER"]

1. e4 c6 2. d4 d5 3. Nc3 dxe4 4. Nxe4 Nf6 5. Nxf6+ exf6 6. c3 Bd6 7. Bd3 0-0 8. Qh5 Re8+ 9. Ne2 g6 10. Qh4 Nd7 11. 0-0 Nf8 12. Be3 Be6 13. c4 a6 14. Nc3 Be7 15. Rfd1 f5 16. Qg3 Bh4 17. Qf3 Bf6 18. Bf1 Rc8 19. d5 cxd5 20. cxd5 Bd7 21. Bd4 Bxd4 22. Rxd4 Qb6 23. Rd2 Qd6 24. a3 h5 25. Bd3 Nh7 26. Qg3 Qxg3 27. hxg3 Nf6 28. f3 Rc5 29. Bc2 Rec8 30. Bb3 Kf8 31. Re1 Re8 32. Rde2 Rxe2 33. Rxe2 Ne8 34. Kf2 Nd6 35. Ke3 f6 36. Kd4 Rc8 37. Rd2 b6 38. Re2 Re8 39. Rxe8+ Bxe8 40. Bc4 Nxc4 41. Kxc4 Ke7 42. b4 Kd6 43. b5 a5 44. Na4 Kc7 45. Nc3 g5 46. f4 h4 47. gxh4 gxh4 48. Nd1 Bh5 49. Ne3 Be2+ 50. Kd4 Bxb5 51. Nxf5 Bd7 52. Nxh4 Bg4 53. g3 Kd6 54. Ng2 Bd7 1/2-1/2

[Event "Ruhrgebiet Verbandsklasse Gruppe 1 1819"]
[Site "Nordrheinwestfalen"]
[Date "2018.09.23"]
[Round "1.1"]
[White "Pauling, Markus"]
[Black "Schwarzkopf, Christian"]
[Result "1/2-1/2"]
[WhiteElo "2182"]
[BlackElo "2041"]
[PlyCount "81"]
[EventDate "2018.09.23"]
[EventType "team-tourn"]
[EventRounds "9"]
[EventCountry "GER"]
[SourceTitle "EXT 2022"]
[Source "ChessBase"]
[SourceDate "2021.10.06"]
[SourceVersion "1"]
[SourceVersionDate "2021.10.06"]
[SourceQuality "1"]
[WhiteTeam "Mengede SG"]
[BlackTeam "Werl SC 1981"]
[WhiteTeamCountry "GER"]
[BlackTeamCountry "GER"]

1. d4 d5 2. Nf3 Nc6 3. Bf4 Bg4 4. Nbd2 e6 5. c3 Bd6 6. Bg3 Nh6 7. e4 Bxg3 8. hxg3 f5 9. Qa4 fxe4 10. Rxh6 gxh6 11. Ne5 e3 12. fxe3 Qg5 13. Be2 Bxe2 14. Kxe2 0-0 15. Nxc6 bxc6 16. Qxc6 Qg4+ 17. Kd3 Rab8 18. b4 Qg6+ 19. e4 Qxg3+ 20. Kc2 Rb6 21. Qd7 Qd6 22. Qxd6 Rxd6 23. e5 Rd7 24. Rh1 Kg7 25. Nf3 Rf4 26. a4 Rg4 27. Rh2 Rf7 28. Kb3 c6 29. c4 Re4 30. cxd5 cxd5 31. b5 Re3+ 32. Kb4 Re2 33. Rh3 Rc2 34. Rg3+ Kf8 35. Ka5 Ra2 36. Rh3 Rxg2 37. Ka6 Ra2 38. a5 Ra3 39. Ng1 Ra1 40. Nf3 Ra3 41. Ng1 1/2-1/2

[Event "Ruhrgebiet Verbandsklasse Gruppe 3 1516"]
[Site "Germany"]
[Date "2016.04.24"]
[Round "9.1"]
[White "Doering, Carsten"]
[Black "Pauling, Markus"]
[Result "1/2-1/2"]
[WhiteElo "1975"]
[BlackElo "2120"]
[PlyCount "115"]
[EventDate "2015.09.06"]
[EventType "team-tourn"]
[EventRounds "9"]
[EventCountry "GER"]
[SourceTitle "EXT 2022"]
[Source "ChessBase"]
[SourceDate "2021.10.06"]
[SourceVersion "1"]
[SourceVersionDate "2021.10.06"]
[SourceQuality "1"]
[WhiteTeam "Hervest Dorsten"]
[BlackTeam "Mengede SG"]
[WhiteTeamCountry "GER"]
[BlackTeamCountry "GER"]

1. d4 Nf6 2. c4 e5 3. dxe5 Ng4 4. Bf4 Nc6 5. Nf3 Bb4+ 6. Nbd2 Qe7 7. e3 Ngxe5 8. Nxe5 Nxe5 9. Be2 0-0 10. 0-0 Bxd2 11. Qxd2 d6 12. Qc3 Re8 13. Rac1 Ng6 14. Bg3 Nf8 15. c5 dxc5 16. Qxc5 Qxc5 17. Rxc5 c6 18. a4 Be6 19. a5 a6 20. Rd1 Rad8 21. Kf1 Rxd1+ 22. Bxd1 Bd5 23. Rc3 Rd8 24. f3 f6 25. Ke2 Rd7 26. Bb3 Kf7 27. Bxd5+ Rxd5 28. Rb3 Rd7 29. Rd3 Ke6 30. Rxd7 Nxd7 31. Kd3 Kd5 32. b4 c5 33. e4+ Kc6 34. Kc4 b5+ 35. axb6 Nxb6+ 36. Kc3 Kb5 37. bxc5 Kxc5 38. Bf2+ Kb5 39. f4 Nd7 40. Kd4 Kc6 41. Kc4 g6 42. g4 Kd6 43. Bd4 g5 44. fxg5 fxg5 45. Kb4 Ne5 46. Be3 Nxg4 47. Bxg5 Ke5 48. h4 Nf2 49. Ka5 Nxe4 50. Be3 h5 51. Kxa6 Kf5 52. Bb6 Kg4 53. Bd8 Ng3 54. Kb5 Nf5 55. Kc4 Nxh4 56. Kd4 Nf5+ 57. Ke4 Nd6+ 58. Ke3 1/2-1/2

[Event "Ruhrgebiet Verbandsklasse Gruppe 3 1516"]
[Site "Germany"]
[Date "2015.12.20"]
[Round "5.1"]
[White "Wloczek, Josef"]
[Black "Pauling, Markus"]
[Result "0-1"]
[WhiteElo "1966"]
[BlackElo "2142"]
[PlyCount "84"]
[EventDate "2015.09.06"]
[EventType "team-tourn"]
[EventRounds "9"]
[EventCountry "GER"]
[SourceTitle "EXT 2022"]
[Source "ChessBase"]
[SourceDate "2021.10.06"]
[SourceVersion "1"]
[SourceVersionDate "2021.10.06"]
[SourceQuality "1"]
[WhiteTeam "Annen Sport Union"]
[BlackTeam "Mengede SG"]
[WhiteTeamCountry "GER"]
[BlackTeamCountry "GER"]

1. e4 c6 2. d4 d5 3. e5 c5 4. Nc3 Nc6 5. Bb5 e6 6. Nf3 Bd7 7. 0-0 cxd4 8. Nxd4 Nxd4 9. Qxd4 Bxb5 10. Nxb5 a6 11. Nd6+ Bxd6 12. exd6 Nf6 13. Bg5 Rc8 14. d7+ Qxd7 15. b3 0-0 16. Bxf6 gxf6 17. Qxf6 Qd8 18. Qxd8 Rfxd8 19. Rac1 Rc3 20. Rfd1 Rdc8 21. Rd2 Kf8 22. Kf1 Ke7 23. Ke1 Kd6 24. f4 f6 25. Kd1 e5 26. fxe5+ fxe5 27. Rf2 Ke6 28. Kd2 e4 29. Rf4 b5 30. a3 Ke5 31. Rh4 Kd4 32. Rf4 a5 33. b4 Rxa3 34. bxa5 Rxa5 35. Rf7 Ra2 36. Rxh7 e3+ 37. Kd1 Rf8 38. Ke1 Rf2 39. Rg7 Raxc2 40. Rd1+ Rcd2 41. Rg4+ Kd3 42. Rb1 Rde2+ 0-1

[Event "Ruhrgebiet Verbandsklasse Gruppe 3 1516"]
[Site "Germany"]
[Date "2015.11.08"]
[Round "3.1"]
[White "Schlueter, Christoph"]
[Black "Pauling, Markus"]
[Result "0-1"]
[WhiteElo "1995"]
[BlackElo "2142"]
[PlyCount "82"]
[EventDate "2015.09.06"]
[EventType "team-tourn"]
[EventRounds "9"]
[EventCountry "GER"]
[SourceTitle "EXT 2022"]
[Source "ChessBase"]
[SourceDate "2021.10.06"]
[SourceVersion "1"]
[SourceVersionDate "2021.10.06"]
[SourceQuality "1"]
[WhiteTeam "Kirchhellen SF"]
[BlackTeam "Mengede SG"]
[WhiteTeamCountry "GER"]
[BlackTeamCountry "GER"]

1. e4 c6 2. d4 d5 3. Nc3 dxe4 4. Nxe4 Nf6 5. Nxf6+ exf6 6. Nf3 Bd6 7. Bc4 0-0 8. 0-0 Re8 9. Qd3 Bg4 10. Bd2 Qc7 11. Rfe1 Nd7 12. g3 Nf8 13. Rxe8 Rxe8 14. Re1 Rxe1+ 15. Nxe1 Bh5 16. Bb3 Qd7 17. Be3 g5 18. c4 h6 19. c5 Bg6 20. Qc4 Be7 21. d5 cxd5 22. Qxd5 Qc7 23. Qd4 Ne6 24. Bxe6 fxe6 25. b4 Qc6 26. Qc4 a6 27. a4 Be8 28. b5 axb5 29. axb5 Qxb5 30. Qxe6+ Kf8 31. h4 Qe2 32. Ng2 Bc6 33. hxg5 hxg5 34. Qf5 Qd1+ 35. Kh2 Qf1 36. Qh3 Bf3 37. g4 Qd1 38. Qh8+ Kf7 39. Qh7+ Ke8 40. Qh5+ Kd7 41. Kg3 Bd5 0-1

[Event "Ruhrgebiet Verbandsliga2 1213"]
[Site "Nordrheinwestfalen"]
[Date "2013.02.24"]
[Round "7.1"]
[White "Quast, Marcel"]
[Black "Pauling, Markus"]
[Result "1-0"]
[WhiteElo "2137"]
[BlackElo "2143"]
[PlyCount "75"]
[EventDate "2012.09.02"]
[EventType "team-tourn"]
[EventRounds "9"]
[EventCountry "GER"]
[SourceTitle "EXT 2020"]
[Source "ChessBase"]
[SourceDate "2019.10.17"]
[SourceVersion "1"]
[SourceVersionDate "2019.10.17"]
[SourceQuality "1"]
[WhiteTeam "Gerthe Werne"]
[BlackTeam "Mengede SG"]
[WhiteTeamCountry "GER"]
[BlackTeamCountry "GER"]

1. e4 c6 2. d4 d5 3. f3 e5 4. dxe5 Bc5 5. Nc3 Qb6 6. Na4 Qa5+ 7. c3 Bxg1 8. Rxg1 dxe4 9. f4 Nd7 10. b4 Qd8 11. Qc2 b5 12. Nb2 Qb6 13. Qf2 f6 14. Be3 Qc7 15. e6 Nb6 16. f5 Nd5 17. Bc5 e3 18. Qf3 Qxh2 19. 0-0-0 Bb7 20. Be2 0-0-0 21. Bxe3 Nge7 22. Bd2 Qc7 23. Nd3 a5 24. a3 axb4 25. axb4 Nb6 26. Bf4 Rd6 27. Nc5 Nbd5 28. Bxd6 Qxd6 29. g4 Qe5 30. Rd4 h6 31. Bd1 Qb8 32. Kb2 Rd8 33. Nd7 Qa7 34. Bb3 Nxb4 35. Ra1 Na6 36. Qf4 c5 37. Rd6 Nc6 38. Rxa6 1-0

[Event "Ruhrgebiet VK2 1112"]
[Site "Nordrheinwestfalen"]
[Date "2012.04.22"]
[Round "9"]
[White "Labuda, Markus"]
[Black "Pauling, Markus"]
[Result "1/2-1/2"]
[WhiteElo "1940"]
[BlackElo "2135"]
[PlyCount "20"]
[EventDate "2012.09.18"]
[EventType "team-tourn"]
[EventRounds "9"]
[EventCountry "GER"]
[SourceTitle "EXT 2020"]
[Source "ChessBase"]
[SourceDate "2019.10.17"]
[SourceVersion "1"]
[SourceVersionDate "2019.10.17"]
[SourceQuality "1"]
[WhiteTeam "Oberhausen SV III"]
[BlackTeam "Mengede SG"]
[WhiteTeamCountry "GER"]
[BlackTeamCountry "GER"]

1. d4 Nf6 2. Bf4 d5 3. e3 c6 4. c3 Bf5 5. Nf3 Qb6 6. Qb3 Nbd7 7. h3 h6 8. Nbd2 g5 9. Bh2 Bg7 10. Be2 0-0 1/2-1/2

[Event "Ruhrgebiet VK2 0708"]
[Site "Germany"]
[Date "2008.03.09"]
[Round "7.1"]
[White "Schulz, Hartmut"]
[Black "Pauling, Markus"]
[Result "0-1"]
[WhiteElo "2070"]
[BlackElo "2237"]
[PlyCount "70"]
[EventDate "2007.09.16"]
[EventType "team"]
[EventRounds "9"]
[EventCountry "GER"]
[SourceTitle "EXT 2009"]
[Source "ChessBase"]
[SourceDate "2008.11.26"]
[SourceVersion "1"]
[SourceVersionDate "2008.11.26"]
[SourceQuality "1"]
[WhiteTeam "Brambauer II"]
[BlackTeam "Mengede SG"]
[WhiteTeamCountry "GER"]
[BlackTeamCountry "GER"]

1. d4 d5 2. Nf3 Nf6 3. Bf4 c6 4. e3 Nh5 5. Bxb8 Rxb8 6. Bd3 g6 7. Ne5 Bg7 8. f4 Qb6 9. b3 Nxf4 10. exf4 Qxd4 11. c3 Qxf4 12. Nf3 Qe3+ 13. Be2 0-0 14. Qd2 Qb6 15. h4 Bg4 16. Ng1 Bxe2 17. Nxe2 e5 18. Na3 f5 19. h5 f4 20. h6 Bf6 21. Nc2 Be7 22. Rh3 Rf5 23. Qd3 Bg5 24. c4 e4 25. Qd4 Qc7 26. Rd1 Bf6 27. Qxa7 f3 28. Ned4 Rh5 29. Ne6 Qe5 30. Rxh5 gxh5 31. gxf3 Re8 32. cxd5 cxd5 33. Qg1+ Kf7 34. Ned4 exf3+ 35. Kd2 Re6 0-1

[Event "Ruhrgebiet VL1 0405"]
[Site "Ruhrgebiet"]
[Date "2004.11.28"]
[Round "4.1"]
[White "Pauling, Markus"]
[Black "Dahlmann, Dirk"]
[Result "1-0"]
[WhiteElo "2112"]
[BlackElo "2235"]
[PlyCount "51"]
[EventDate "2004.09.12"]
[EventType "team"]
[EventRounds "9"]
[EventCountry "GER"]
[SourceTitle "EXT 2006"]
[Source "ChessBase"]
[SourceDate "2005.11.24"]
[SourceVersion "1"]
[SourceVersionDate "2005.11.24"]
[SourceQuality "1"]
[WhiteTeam "Mengede SG"]
[BlackTeam "Bochum SV 02"]
[WhiteTeamCountry "GER"]
[BlackTeamCountry "GER"]

1. d4 d5 2. c4 Nc6 3. cxd5 Qxd5 4. Nf3 e5 5. Nc3 Bb4 6. Bd2 Bxc3 7. Bxc3 e4 8. Nd2 e3 9. fxe3 Nf6 10. e4 Nxe4 11. Nxe4 Qxe4 12. d5 Qh4+ 13. g3 Qe4 14. dxc6 Qxh1 15. Qd4 f6 16. 0-0-0 0-0 17. e4 Qxh2 18. Qd5+ Kh8 19. cxb7 Bxb7 20. Qxb7 Qxg3 21. Bd3 Rad8 22. Kc2 Rd6 23. e5 fxe5 24. Qe4 Rh6 25. Bxe5 Qf3 26. Rf1 1-0

[Event "Ruhrgebiet VL1 0405"]
[Site "Ruhrgebiet"]
[Date "2004.10.10"]
[Round "2.1"]
[White "Pauling, Markus"]
[Black "Frombach, Ralf"]
[Result "1/2-1/2"]
[WhiteElo "2112"]
[BlackElo "2130"]
[PlyCount "63"]
[EventDate "2004.09.12"]
[EventType "team"]
[EventRounds "9"]
[EventCountry "GER"]
[SourceTitle "EXT 2006"]
[Source "ChessBase"]
[SourceDate "2005.11.24"]
[SourceVersion "1"]
[SourceVersionDate "2005.11.24"]
[SourceQuality "1"]
[WhiteTeam "Mengede SG"]
[BlackTeam "Werne SK"]
[WhiteTeamCountry "GER"]
[BlackTeamCountry "GER"]

1. e4 d5 2. exd5 Qxd5 3. d4 Nc6 4. Nc3 Qxd4 5. Qe2 e5 6. Nf3 Qd8 7. Nxe5 Nd4 8. Qd1 Bf5 9. Bd3 Qf6 10. Bxf5 Qxe5+ 11. Be4 0-0-0 12. 0-0 Nf6 13. Bd3 Bc5 14. Re1 Qd6 15. Be3 h5 16. h3 Kb8 17. Ne4 Nxe4 18. Bxe4 f5 19. Bd3 f4 20. Bxd4 Qxd4 21. Qf3 g5 22. Re4 Qxb2 23. Rae1 g4 24. Qxf4 Rhf8 25. Qc1 Bxf2+ 26. Kh1 Qc3 27. Rf1 gxh3 28. Rf4 hxg2+ 29. Kxg2 Qg7+ 30. Kxf2 Qg4 31. Rxf8 Rxf8+ 32. Ke1 1/2-1/2

[Event "Ruhrgebiet VL2 0304"]
[Site "Ruhrgebiet"]
[Date "2003.12.07"]
[Round "4.1"]
[White "Pauling, Markus"]
[Black "Alles, Christoph"]
[Result "1-0"]
[WhiteElo "2099"]
[BlackElo "2017"]
[PlyCount "73"]
[EventDate "2003.09.28"]
[EventType "team"]
[EventRounds "9"]
[EventCountry "GER"]
[SourceTitle "EXT 2007"]
[Source "ChessBase"]
[SourceDate "2006.11.23"]
[SourceVersion "1"]
[SourceVersionDate "2006.11.23"]
[SourceQuality "1"]
[WhiteTeam "Mengede SG"]
[BlackTeam "Castrop Rauxel II"]
[WhiteTeamCountry "GER"]
[BlackTeamCountry "GER"]

1. e4 c5 2. c3 e6 3. d4 cxd4 4. cxd4 d5 5. exd5 exd5 6. Nc3 Bb4 7. Nf3 Ne7 8. Bd3 Bf5 9. 0-0 Bxc3 10. bxc3 0-0 11. Ba3 Bxd3 12. Qxd3 Re8 13. Bxe7 Rxe7 14. Ng5 g6 15. f4 Nd7 16. f5 h6 17. Nh3 g5 18. Qg3 Re4 19. Nf2 Rf4 20. Ng4 Rxf1+ 21. Rxf1 h5 22. Ne3 f6 23. Qf3 Nb6 24. Qxh5 Qe8 25. Qh3 Rc8 26. Ng4 Rc6 27. Qg3 Nd7 28. Re1 Qc8 29. Qf3 Nb6 30. Qh3 Nd7 31. Qh6 Qf8 32. Qg6+ Qg7 33. Re8+ Nf8 34. Nh6+ Kh8 35. Rxf8+ Qxf8 36. Nf7+ Qxf7 37. Qxf7 1-0

[Event "Ruhrgebiet VL2 0304"]
[Site "Ruhrgebiet"]
[Date "2003.11.09"]
[Round "3.1"]
[White "Pauling, Markus"]
[Black "Mombeck, Michael"]
[Result "1-0"]
[WhiteElo "2099"]
[BlackElo "2088"]
[PlyCount "105"]
[EventDate "2003.09.28"]
[EventType "team"]
[EventRounds "9"]
[EventCountry "GER"]
[SourceTitle "EXT 2007"]
[Source "ChessBase"]
[SourceDate "2006.11.23"]
[SourceVersion "1"]
[SourceVersionDate "2006.11.23"]
[SourceQuality "1"]
[WhiteTeam "Mengede SG"]
[BlackTeam "Wacker Bergeborbeck"]
[WhiteTeamCountry "GER"]
[BlackTeamCountry "GER"]

1. e4 c5 2. c3 Nf6 3. e5 Nd5 4. g3 d6 5. exd6 e6 6. Bg2 Bxd6 7. Nf3 0-0 8. 0-0 Nc6 9. d4 cxd4 10. Nxd4 Nxd4 11. Qxd4 Qb6 12. Qxb6 Nxb6 13. Rd1 Bb8 14. Na3 a5 15. Be3 Nd7 16. Rxd7 Bxd7 17. Bxb7 Bc7 18. Bxa8 Rxa8 19. Rd1 Bc6 20. c4 a4 21. Nb5 Be5 22. Rd2 Rb8 23. Nd4 Be4 24. Bf4 Bxf4 25. gxf4 Kf8 26. f3 Ba8 27. Kf2 Ke7 28. Ke3 g6 29. Kd3 Bb7 30. Kc3 h6 31. b4 axb3 32. axb3 g5 33. fxg5 hxg5 34. b4 e5 35. Re2 Kf6 36. Nb3 Bxf3 37. Rf2 g4 38. Nc5 Kf5 39. h3 e4 40. hxg4+ Kf4 41. g5 e3 42. Nd3+ Kg3 43. Rf1 e2 44. Rg1+ Kh2 45. Re1 Kg3 46. b5 Rh8 47. c5 Rh5 48. Kd2 Rxg5 49. Rg1+ Bg2 50. Kxe2 f5 51. b6 f4 52. Rxg2+ Kxg2 53. Nxf4+ 1-0